Nuestro lecho es de flores /

Uloženo v:
Podrobná bibliografie
Hlavní autor: Agudelo Mejía, William (autor)
Další autoři: Cardenal, Ernesto (prólogo) (prólogo)
Médium: Kniha
Jazyk:španělština
Vydáno: México : Joaquín Mortiz, 1967, c1967
Edice:(Nueva Narrativa Hispánica)
Témata:
Tagy: Přidat tag
Žádné tagy, Buďte první, kdo vytvoří štítek k tomuto záznamu!

MARC

LEADER 00000nam^a2200000^a^4500
001 000629574
005 20260323000000.0
009 20260407175351.9
037 |a Acervo Xavier Clavigero 
041 |a ESP 
082 |a 860. 92  |b AGU 
100 |a Agudelo Mejía, William  |e (autor) 
245 1 0 |a Nuestro lecho es de flores /  |c W. Agudelo Mejía ; pról. de E. Cardenal. 
264 4 |a México :  |b Joaquín Mortiz,  |c 1967, c1967 
300 |a 435 p. 
336 |a texto  |b txt  |2 rdacontenido 
337 |a sin mediación  |b n  |2 rdamedio 
338 |a volumen  |b nc  |2 rdasoporte 
440 1 |a (Nueva Narrativa Hispánica) 
561 |a Ex libris de Bibl. Magnopontanae Domus Scti. Ioseph. Prov. Mex. S.I. 
586 |a Premio Reina Sofía de Poesía Iberoamericana 2012: Biografías, crítica e interpretación 
649 |a XX 
650 |a Escritores Colombianos -  |x Memorias 
650 |a Diarios Literarios Colombianos 
650 |a Literatura Autobiográfica -  |z Colombia 
650 |a Literatura Cristiana -  |z Colombia 
650 |a Literatura Religiosa -  |z Colombia 
650 |a Religión y Literatura -  |z Colombia 
650 |a Literatura Colombiana -  |y Siglo XX 
650 |a Comunidades Eclesiales de Base -  |z Solentiname, Nicaragua -  |x Historia -  |y 1934-1979 
650 |a Comunidades Eclesiales de Base -  |z Nicaragua -  |x Historia -  |y 1934-1979 
650 |a Comunidades Eclesiales de Base -  |z Nicaragua -  |x Historia -  |y Siglo XX 
650 |a Sexualidad y Religión 
650 |a Agudelo Mejía, William -  |x Tema Principal 
650 |a Cardenal, Ernesto 
700 |a Cardenal, Ernesto  |e (prólogo) 
700 |a Cardenal, Ernesto  |e (prólogo) 
910 |a Fondo General 
920 |a Impresos - Libros 
930 |a Colección General 
940 |a Literatura 
905 |a 101 
901 |a 058087  |b IT1  |c LIT  |i 058087  |u 20260323 
902 |a https://opac.biblio.iteso.mx/vufind/Record/000629574